Алексеева А. С.

Доступно только в Электронных читальных залах Найти на картеНа карте
RUSMARC
00003844nac2a22002891x 450
0010b6a7e7a-9e3f-447a-85ee-565a0b5570af
00520131220035618.0
100##$a20130529l1905 k y0rusy50 ca
1010#$arus
102##$aRU
105##$ay z |||||
1220#$ad19051108
2001#$aАлексеева А. С.
$j8 ноября 1905
215##$a1 лист
251##$cДело
300##$aЗаголовок дела на папке: Письмо Алексеева А. С. Кони А. Ф.
300##$aИз конверта с надписью "Публичные чтения"
300##$aНапечатано на машинке
330##$aПереписка А. Ф. Кони; Письма к А. Ф. Кони
461#0$10013a54f2e3-e9cf-409b-80fa-f0a9bd3c40cb
$12001
$aКони Анатолий Федорович, юрист, литератор, член академии наук, председатель Санкт-Петербургского окружного суда, член государственного совета
$1251
$cФонд
$1852
$j564
462#0$100178a475cd-a47d-4377-bff3-cee4b81de655
$12001
$aОпись дел фонда А. Ф. Кони за 1880-1931 гг.
$1251
$cОпись
$1852
$j1
517##$aПисьмо Алексеева А. С. Кони А. Ф.
600#1$aКони
$bА. Ф.
$f1844-1927
$gАнатолий Федорович
600#1$aАлексеев
$bА. С.
801#0$aRU
$bGA_RF
801#1$aRU
$bНПО Опыт
$c20130529
$2rusmarc
801#2$aRU
$bПБ им. Б.Н. Ельцина
$c20131220
$gRCR
$2rusmarc
852##$aГА РФ
$j995
937##$d42329663
$hПБ
035##$aRuPRLIB51002965
Формат отображения